000
00284nam a22001097a 4500
008
170119b xxu||||| |||| 00| 0 eng d
020
_a
0966789024
041
_a
eng
080
_a
618.2
245
_a
CLINICAL CHALLENGES IN WOMEN'S HEALTH IN THE 21ST CENTUR
_c
WYSOCKI, S
942
_2
udc
_c
BK
999
_c
3146
_d
3146